[Event "Niedersachsen-ch op"]
[Site "Verden"]
[Date "2011.01.02"]
[Round "1"]
[White "Schneider, Alexander"]
[Black "Matthes, Henning"]
[Result "1-0"]
[WhiteElo "1969"]
[BlackElo "1564"]
[PlyCount "95"]
[EventDate "2011.01.02"]
[EventType "swiss"]
[EventRounds "7"]
[EventCountry "GER"]
[SourceTitle "EXT 2018"]
[Source "ChessBase"]
[SourceDate "2017.10.13"]
[SourceVersion "1"]
[SourceVersionDate "2017.10.13"]
[SourceQuality "1"]

1. c4 e5 2. Nc3 Nf6 3. g3 Nc6 4. Bg2 d6 5. b3 Be7 6. Bb2 0-0 7. e3 Bg4 8. Nge2 Qd7 9. h3 Bf5 10. d3 Nb4 11. e4 Be6 12. g4 c5 13. Qd2 h6 14. Nd5 Bxd5 15. exd5 Nh7 16. a3 Na6 17. Ng3 b6 18. Qc3 Rfe8 19. 0-0 Bf6 20. Ne4 Nc7 21. Rae1 b5 22. b4 bxc4 23. dxc4 cxb4 24. axb4 Rab8 25. Ra1 a6 26. Rfd1 Rec8 27. Qb3 Bh4 28. Qa4 Qe7 29. c5 Nb5 30. Qxa6 dxc5 31. bxc5 Ng5 32. d6 Qd7 33. c6 Nxh3+ 34. Bxh3 Rxc6 35. Qa4 f6 36. Qb3+ Kh8 37. Qd5 Rcb6 38. Ra8 h5 39. Nc5 Qxd6 40. Rxb8+ Qxb8 41. Nd7 Nc7 42. Qf7 Qb7 43. Qxh5+ Kg8 44. Nxb6 Bxf2+ 45. Kh2 Nd5 46. Bg2 Qxb6 47. Bxd5+ Kf8 48. Qf7# 1-0

[Event "GER North-chT U16"]
[Site "Verden an der Aller"]
[Date "2008.09.14"]
[Round "5.1"]
[White "Matthes, Henning"]
[Black "Colpe, Malte"]
[Result "0-1"]
[WhiteElo "1442"]
[BlackElo "2090"]
[PlyCount "92"]
[EventDate "2008.09.12"]
[EventType "team-swiss"]
[EventRounds "6"]
[EventCountry "GER"]
[SourceTitle "EXT 2011"]
[Source "ChessBase"]
[SourceDate "2010.11.26"]
[SourceVersion "1"]
[SourceVersionDate "2010.11.26"]
[SourceQuality "1"]
[WhiteTeam "Lehrte"]
[BlackTeam "Hamburger SK"]
[WhiteTeamCountry "GER"]
[BlackTeamCountry "GER"]

1. e4 c5 2. Nf3 d6 3. Bb5+ Nc6 4. 0-0 Bd7 5. d4 cxd4 6. Nxd4 Nf6 7. Nc3 g6 8. Re1 Bg7 9. Be3 Ng4 10. Nxc6 Nxe3 11. Nxd8 Nxd1 12. Bxd7+ Kxd8 13. Nxd1 Kxd7 14. c3 Rac8 15. Ne3 b5 16. Rac1 Rc5 17. f3 Rhc8 18. Rc2 b4 19. c4 e6 20. Rd1 Ke7 21. b3 R8c6 22. Rcd2 Bc3 23. Rc2 Ra5 24. Rd3 f5 25. exf5 gxf5 26. Nd1 Bg7 27. Re2 Bh6 28. Kf1 Rca6 29. Ne3 Kd7 30. Nc2 Rb6 31. Nd4 d5 32. Rc2 Rc5 33. g3 a6 34. f4 Rd6 35. Ke2 Bg7 36. Nf3 Ke7 37. Ng5 Rdc6 38. Re3 h6 39. Nf3 dxc4 40. bxc4 Rxc4 41. Rxc4 Rxc4 42. Kd2 Rc5 43. Rb3 a5 44. a3 Bc3+ 45. Kd3 a4 46. axb4 Rd5+ 0-1

[Event "GER North-chT U16"]
[Site "Verden an der Aller"]
[Date "2008.09.14"]
[Round "6.1"]
[White "Schoebel, Ulrike"]
[Black "Matthes, Henning"]
[Result "1-0"]
[WhiteElo "1385"]
[BlackElo "1442"]
[PlyCount "55"]
[EventDate "2008.09.12"]
[EventType "team-swiss"]
[EventRounds "6"]
[EventCountry "GER"]
[SourceTitle "EXT 2011"]
[Source "ChessBase"]
[SourceDate "2010.11.26"]
[SourceVersion "1"]
[SourceVersionDate "2010.11.26"]
[SourceQuality "1"]
[WhiteTeam "Malchow Schachinsel"]
[BlackTeam "Lehrte"]
[WhiteTeamCountry "GER"]
[BlackTeamCountry "GER"]

1. d4 d5 2. Bf4 Bf5 3. Nf3 Nf6 4. e3 Nc6 5. c3 e6 6. Nbd2 g6 7. Ne5 Nxe5 8. dxe5 Nh5 9. g4 Nxf4 10. exf4 Be4 11. f3 Qh4+ 12. Ke2 Bc5 13. fxe4 Qf2+ 14. Kd3 dxe4+ 15. Kc2 Rd8 16. Qe2 Qxf4 17. Nc4 0-0 18. Bg2 e3 19. Raf1 Qh6 20. h4 b5 21. g5 Qg7 22. Nxe3 Qxe5 23. Re1 b4 24. Ng4 Qd6 25. Nf6+ Kg7 26. h5 bxc3 27. hxg6 fxg6 28. Rxh7# 1-0

[Event "GER North-chT U16"]
[Site "Verden an der Aller"]
[Date "2008.09.12"]
[Round "2.1"]
[White "Wierum, Colin"]
[Black "Matthes, Henning"]
[Result "1-0"]
[WhiteElo "1822"]
[BlackElo "1442"]
[PlyCount "57"]
[EventDate "2008.09.12"]
[EventType "team-swiss"]
[EventRounds "6"]
[EventCountry "GER"]
[SourceTitle "EXT 2011"]
[Source "ChessBase"]
[SourceDate "2010.11.26"]
[SourceVersion "1"]
[SourceVersionDate "2010.11.26"]
[SourceQuality "1"]
[WhiteTeam "Hagen"]
[BlackTeam "Lehrte"]
[WhiteTeamCountry "GER"]
[BlackTeamCountry "GER"]

1. e4 e5 2. Bc4 Bc5 3. Nc3 Nc6 4. d3 d6 5. Nge2 Bd7 6. Bd2 Nf6 7. h3 h6 8. f4 exf4 9. Bxf4 Nd4 10. Qd2 a6 11. 0-0-0 b5 12. Bb3 a5 13. Nxd4 Bxd4 14. Ne2 Bc5 15. d4 Bb6 16. e5 dxe5 17. dxe5 Ne4 18. Qd5 0-0 19. Qxe4 a4 20. Bd5 Rb8 21. e6 Bxe6 22. Bxe6 Qxd1+ 23. Rxd1 fxe6 24. Qxe6+ Kh8 25. Bxh6 Rbe8 26. Bxg7+ Kxg7 27. Rd7+ Kh8 28. Qh6+ Kg8 29. Rg7# 1-0

[Event "Niedersachsen-chT U16"]
[Site "Stade"]
[Date "2007.05.20"]
[Round "7.3"]
[White "Zwick, Felix"]
[Black "Matthes, Henning"]
[Result "1/2-1/2"]
[WhiteElo "1513"]
[BlackElo "1120"]
[PlyCount "55"]
[EventDate "2007.05.17"]
[EventType "team-tourn"]
[EventRounds "7"]
[EventCountry "GER"]
[SourceTitle "EXT 2008"]
[Source "ChessBase"]
[SourceDate "2007.11.25"]
[SourceVersion "1"]
[SourceVersionDate "2007.11.25"]
[SourceQuality "1"]

1. e4 e5 2. Bc4 Bc5 3. Nc3 Nf6 4. d3 h6 5. f4 d6 6. Na4 Bg4 7. Nf3 Nbd7 8. Nxc5 Nxc5 9. 0-0 0-0 10. h3 Bxf3 11. Qxf3 exf4 12. Bxf4 Ne6 13. Be3 Ng5 14. Qg3 Nh5 15. Qf2 Qe7 16. h4 Ne6 17. g4 Nf6 18. Qf5 c5 19. g5 hxg5 20. hxg5 Nh7 21. g6 Nhg5 22. Bxe6 Nxe6 23. Rf2 fxg6 24. Qxg6 Rxf2 25. Kxf2 Qf6+ 26. Qxf6 gxf6 27. Rf1 Kf7 28. Bd2 1/2-1/2

[Event "Niedersachsen-chT U16"]
[Site "Stade"]
[Date "2007.05.19"]
[Round "6.3"]
[White "Matthes, Henning"]
[Black "Teichert, Kevin"]
[Result "0-1"]
[WhiteElo "1120"]
[BlackElo "1073"]
[PlyCount "102"]
[EventDate "2007.05.17"]
[EventType "team-tourn"]
[EventRounds "7"]
[EventCountry "GER"]
[SourceTitle "EXT 2008"]
[Source "ChessBase"]
[SourceDate "2007.11.25"]
[SourceVersion "1"]
[SourceVersionDate "2007.11.25"]
[SourceQuality "1"]

1. e4 e5 2. Nf3 Nc6 3. Bb5 Bc5 4. Nxe5 Bxf2+ 5. Kxf2 Nxe5 6. Qh5 Qf6+ 7. Ke2 Qe6 8. d4 Nc4 9. Qf3 Nd6 10. Bd3 Ne7 11. Kd1 0-0 12. Qh5 Qg6 13. Qxg6 Nxg6 14. Nc3 Ne8 15. h3 d6 16. g4 c5 17. d5 Ne5 18. Bd2 a6 19. a4 Bd7 20. g5 f6 21. Ke2 c4 22. Rag1 cxd3+ 23. cxd3 fxg5 24. Bxg5 Nf3 25. Rg3 Nxg5 26. Rxg5 h6 27. Rg3 Nf6 28. Rhg1 Nh5 29. Rf3 Rxf3 30. Kxf3 Bxh3 31. d4 Rf8+ 32. Ke3 Nf4 33. b4 Ng2+ 34. Kd2 Nh4 35. Kd3 Bf1+ 36. Kc2 Bc4 37. e5 Rf2+ 38. Kc1 Rf1+ 39. Rxf1 Bxf1 40. b5 Nf5 41. bxa6 bxa6 42. Ne4 dxe5 43. dxe5 Kf7 44. Nc5 Ke7 45. d6+ Nxd6 46. exd6+ Kxd6 47. Ne4+ Ke5 48. Ng3 Bg2 49. Nh5 g6 50. Ng7 Bc6 51. a5 Kf6 0-1

[Event "Hannover-ch U16"]
[Site "Lehrte"]
[Date "2006.10.17"]
[Round "7"]
[White "Matthes, Henning"]
[Black "Klaeve, Simon"]
[Result "1-0"]
[WhiteElo "1141"]
[BlackElo "1008"]
[PlyCount "81"]
[EventDate "2006.10.14"]
[EventType "swiss"]
[EventRounds "7"]
[EventCountry "GER"]
[SourceTitle "EXT 2021"]
[Source "ChessBase"]
[SourceDate "2020.10.23"]
[SourceVersion "1"]
[SourceVersionDate "2020.10.23"]
[SourceQuality "1"]

1. e4 e5 2. Nf3 Nc6 3. Bb5 Nf6 4. Bxc6 dxc6 5. 0-0 Bg4 6. h3 Bh5 7. d3 h6 8. Be3 Be7 9. Nc3 0-0 10. Qe2 Bb4 11. Bd2 Bxc3 12. Bxc3 Qd6 13. Qe3 Bxf3 14. Qxf3 Qe6 15. Qg3 Nh5 16. Qxe5 Qxe5 17. Bxe5 Rae8 18. Bxc7 Re7 19. Bd6 Rfe8 20. Bxe7 Rxe7 21. g3 Nf6 22. f4 Nd7 23. b4 b5 24. a4 bxa4 25. Rxa4 Nb6 26. Raa1 Rb7 27. c3 Nc8 28. Rfb1 Kf8 29. c4 Ke7 30. b5 cxb5 31. Rxb5 Rxb5 32. cxb5 Nd6 33. Rxa7+ Kd8 34. Kf2 Nxb5 35. Rxf7 Nc3 36. Rxg7 Nd1+ 37. Ke2 Nc3+ 38. Kd2 Nb1+ 39. Ke3 h5 40. Rh7 h4 41. Rxh4 1-0

[Event "Niedersachsen-chT U14"]
[Site "Lingen"]
[Date "2005.05.07"]
[Round "5.4"]
[White "Sanders Sjuts, Immo"]
[Black "Matthes, Henning"]
[Result "1/2-1/2"]
[WhiteElo "1136"]
[BlackElo "891"]
[PlyCount "60"]
[EventDate "2005.05.05"]
[EventType "team-swiss"]
[EventRounds "5"]
[EventCountry "GER"]
[SourceTitle "EXT 2007"]
[Source "ChessBase"]
[SourceDate "2006.11.23"]
[SourceVersion "1"]
[SourceVersionDate "2006.11.23"]
[SourceQuality "1"]

1. e4 e5 2. Nf3 Nc6 3. d3 Nf6 4. Nc3 Bb4 5. Bd2 d6 6. Be2 0-0 7. a3 Ba5 8. 0-0 Bg4 9. b4 Bb6 10. Na4 Nd4 11. Nxb6 Nxe2+ 12. Qxe2 cxb6 13. Rfc1 Rc8 14. c4 Nd7 15. Rc3 Qe7 16. Rac1 Rc7 17. h3 Bh5 18. Qe3 Rfc8 19. Qg5 Qxg5 20. Nxg5 h6 21. Nf3 Bxf3 22. gxf3 Nf6 23. f4 Nh5 24. fxe5 dxe5 25. Kg2 Nf4+ 26. Bxf4 exf4 27. f3 Rc6 28. d4 Rd6 29. Rd1 f6 30. d5 b5 1/2-1/2

[Event "Niedersachsen-chT U14"]
[Site "Lingen"]
[Date "2005.05.05"]
[Round "1.4"]
[White "Orschulik, Nils"]
[Black "Matthes, Henning"]
[Result "1/2-1/2"]
[WhiteElo "1153"]
[BlackElo "891"]
[PlyCount "104"]
[EventDate "2005.05.05"]
[EventType "team-swiss"]
[EventRounds "5"]
[EventCountry "GER"]
[SourceTitle "EXT 2007"]
[Source "ChessBase"]
[SourceDate "2006.11.23"]
[SourceVersion "1"]
[SourceVersionDate "2006.11.23"]
[SourceQuality "1"]

1. e4 e5 2. Nf3 Nc6 3. Bc4 Bc5 4. d3 Nf6 5. Ng5 d5 6. exd5 Nxd5 7. Qf3 Be6 8. Nc3 Nd4 9. Qd1 Qd7 10. Nxe6 fxe6 11. Nxd5 exd5 12. Qh5+ Kd8 13. Bb3 c6 14. Qh4+ Kc8 15. c3 Nf5 16. Qg4 Qf7 17. 0-0 Kc7 18. Bd2 Bd6 19. Bc2 Nh6 20. Bxh6 gxh6 21. Qf3 Qe7 22. Rae1 Rhg8 23. d4 e4 24. Qh3 Rg7 25. Kh1 Rag8 26. Rg1 Qf6 27. f3 exf3 28. Qxf3 Qh4 29. Qh3 Qf2 30. Rc1 Qf4 31. Rcf1 Qg4 32. Qxg4 Rxg4 33. Rf7+ Kb6 34. Rxh7 Rh4 35. g3 Bxg3 36. Rg2 Rgg4 37. Bd1 Rg5 38. Re7 Bd6 39. Ree2 Rxg2 40. Rxg2 c5 41. dxc5+ Bxc5 42. Rg4 Rh3 43. Rg3 Rxg3 44. hxg3 d4 45. Kg2 Kc7 46. Kf3 Kd6 47. Ke4 dxc3 48. bxc3 a5 49. a4 b6 50. c4 Bf2 51. g4 Kc5 52. Kd3 Bd4 1/2-1/2